<?xml version="1.0" encoding="UTF-8"?>
<record
    xmlns:xsi="http://www.w3.org/2001/XMLSchema-instance"
    xsi:schemaLocation="http://www.loc.gov/MARC21/slim http://www.loc.gov/standards/marcxml/schema/MARC21slim.xsd"
    xmlns="http://www.loc.gov/MARC21/slim">

  <leader>01567naa a2200229 i 4500</leader>
  <controlfield tag="001">419</controlfield>
  <controlfield tag="003">KOSZ 005</controlfield>
  <controlfield tag="005">20180219155117.0</controlfield>
  <controlfield tag="008">160109s2006    pl     f     |100 0 pol</controlfield>
  <datafield tag="040" ind1=" " ind2=" ">
    <subfield code="c">BPK</subfield>
    <subfield code="d">KOSZ 005/EG</subfield>
  </datafield>
  <datafield tag="080" ind1=" " ind2=" ">
    <subfield code="a">37.018.43</subfield>
  </datafield>
  <datafield tag="100" ind1="1" ind2=" ">
    <subfield code="a">WAWRZACZ, Barbara.</subfield>
    <subfield code="d">1996 - .</subfield>
    <subfield code="b">Politechnika Koszali&#x144;ska - Wydzia&#x142; Mechaniczny,</subfield>
    <subfield code="c">Katedra In&#x17C;ynierii Spo&#x17C;ywczej i Tworzyw Sztucznych</subfield>
  </datafield>
  <datafield tag="245" ind1="1" ind2="0">
    <subfield code="a">Zasady efektywnego projektowania witryn edukacyjnych </subfield>
    <subfield code="c">Barbara Wawrzacz.</subfield>
  </datafield>
  <datafield tag="246" ind1="3" ind2="1">
    <subfield code="a">Principles for effective design of e-learning Web pages </subfield>
  </datafield>
  <datafield tag="500" ind1=" " ind2=" ">
    <subfield code="a">Dane z autopsji.</subfield>
  </datafield>
  <datafield tag="520" ind1=" " ind2=" ">
    <subfield code="a">W pracy dokonano przegl&#x105;du literatury dotycz&#x105;cej bada&#x144; na temat nauczania zdalnego. Artyku&#x142;y opisuj&#x105; dwie kategorie bada&#x144; naukowych: opisuj&#x105;ce stosowane metody w kontek&#x15B;cie instrukcji tworzenia witryn (projektowanie Web site, modele nauczania) oraz rozwi&#x105;za&#x144; praktycznych (ewolucja program&#xF3;w). Zaproponowano elementy prawid&#x142;owo zaprojektowanej struktury witryny oraz przedyskutowano strategi&#x119; jej tworzenia.</subfield>
  </datafield>
  <datafield tag="650" ind1=" " ind2="0">
    <subfield code="a">Nauczanie na odleg&#x142;o&#x15B;&#x107;. </subfield>
  </datafield>
  <datafield tag="655" ind1=" " ind2="0">
    <subfield code="a">Materia&#x142;y konferencyjne.</subfield>
  </datafield>
  <datafield tag="773" ind1="0" ind2=" ">
    <subfield code="t">"Nowe technologie w kszta&#x142;ceniu na odleg&#x142;o&#x15B;&#x107;" : II krajowa konferencja naukowa, Koszalin-Osieki, 5-7 pa&#x17A;dziernika 2006 : materia&#x142;y konferencyjne / pod red. Tomasza Kr&#xF3;likowskiego, Walerego Sus&#x142;owa, B&#x142;a&#x17C;eja Ba&#x142;asza. -</subfield>
    <subfield code="d">Koszalin : Wydaw. Uczelniane Politechniki Koszali&#xE4;skiej, 2006. -</subfield>
    <subfield code="g">s. 41-46</subfield>
  </datafield>
  <datafield tag="711" ind1="2" ind2="2">
    <subfield code="a">Nowe technologie w kszta&#x142;ceniu na odleg&#x142;o&#x15B;&#x107;</subfield>
    <subfield code="n">(2 ;</subfield>
    <subfield code="d">2006 ;</subfield>
    <subfield code="c">Koszalin-Osieki, Polska).</subfield>
  </datafield>
  <datafield tag="942" ind1=" " ind2=" ">
    <subfield code="c">ROZ</subfield>
    <subfield code="2">UKD</subfield>
  </datafield>
  <datafield tag="999" ind1=" " ind2=" ">
    <subfield code="c">419</subfield>
    <subfield code="d">419</subfield>
  </datafield>
  <datafield tag="952" ind1=" " ind2=" ">
    <subfield code="0">0</subfield>
    <subfield code="1">0</subfield>
    <subfield code="4">0</subfield>
    <subfield code="7">0</subfield>
    <subfield code="a">BPK</subfield>
    <subfield code="b">BPK</subfield>
    <subfield code="o">80098</subfield>
    <subfield code="y">ROZ</subfield>
  </datafield>
</record>
